Города по Фото — У - Statistics

General Stats
  • This quiz has been taken 28 times
  • The average score is 4 of 12
Answer Stats
Picture Hint Answer % Correct
Улан-Батор
86%
Посдказка: COVID-19 Ухань
71%
Ульяновск
67%
Уфа
43%
Урумчи
29%
Утрехт
29%
Страна: Швеция Упсала
19%
Умань
14%
Удайпур
0%
Урбино
0%
Ушуайя
0%
Уарзазат
0%
No matching quizzes found
Score Distribution
Percent of People with Each Score
Percentile by Number Answered
Your Score History
You have not taken this quiz